[Event "Oslo Esports Cup 2022"]
[Site "Oslo NOR"]
[Date "2022.04.24"]
[Round "3.4"]
[White "Hansen, Eric"]
[Black "Mamedyarov, Shakhriyar"]
[Result "1-0"]
[WhiteTitle "GM"]
[BlackTitle "GM"]
[WhiteElo "2606"]
[BlackElo "2771"]
[WhiteFideId "2606771"]
[BlackFideId "13401319"]
[EventDate "2022.04.22"]

1. e4 e5 2. Nf3 Nf6 3. Nxe5 d6 4. Nf3 Nxe4 5. d3 Nf6 6. d4 Be7 7. h3 O-O 8. Bd3
c5 9. O-O Nc6 10. c3 h6 11. Re1 Be6 12. dxc5 dxc5 13. Na3 Re8 14. Bf4 Bf8 15.
Qc2 Nd5 16. Bg3 Qf6 17. Be4 a6 18. Nc4 Nf4 19. Ne3 Rad8 20. Ng4 Bxg4 21. hxg4 g6
22. Qa4 Bd6 23. Bxc6 bxc6 24. Bxf4 Qxf4 25. Qxc6 Rxe1+ 26. Rxe1 Qxg4 27. Qxa6
Qf4 28. Qc6 Kg7 29. Qe4 Qf6 30. g3 Rd7 31. Kg2 g5 32. a4 Re7 33. Qc4 Ra7 34. Re3
Rb7 35. Re2 Ra7 36. Rd2 Be7 37. Qe4 Qa6 38. b3 Bf6 39. Rd5 Rc7 40. c4 Qb7 41.
Qd3 Re7 42. Nh2 Re1 43. Nf3 Rc1 44. Rd7 Qc6 45. Rd6 Qe8 46. Qd2 Rb1 47. Rxf6
Rxb3 48. Rf5 g4 49. Nh4 Qe4+ 50. Kh2 Rb1 51. f3 gxf3 52. Rxf3 Kg8 53. Qd8+ 1-0

[Event "Oslo Esports Cup 2022"]
[Site "Oslo NOR"]
[Date "2022.04.25"]
[Round "4.1"]
[White "Duda, Jan-Krzysztof"]
[Black "Mamedyarov, Shakhriyar"]
[Result "1-0"]
[WhiteTitle "GM"]
[BlackTitle "GM"]
[WhiteElo "2750"]
[BlackElo "2771"]
[WhiteFideId "1170546"]
[BlackFideId "13401319"]
[EventDate "2022.04.22"]

1. d4 Nf6 2. c4 e6 3. Nf3 d5 4. Nc3 Bb4 5. cxd5 exd5 6. Bg5 O-O 7. e3 Bf5 8. Nd2
c6 9. Qf3 Bg6 10. Bxf6 Qxf6 11. Qxf6 gxf6 12. a3 Bd6 13. Be2 Nd7 14. Rc1 Rfe8
15. Nb3 h6 16. Na5 Rab8 17. b4 f5 18. g3 Nf6 19. Na4 Ne4 20. f3 Nxg3 21. hxg3
Bxg3+ 22. Kd2 f4 23. Rxh6 Rxe3 24. Nc3 Kg7 25. Rhh1 Re7 26. Rcf1 Rbe8 27. Bd3
Kf6 28. Bxg6 fxg6 29. Nb3 g5 30. Nc5 Bh4 31. Nd3 Kf5 32. Rh2 a5 33. bxa5 Ra8 34.
Re2 Rxe2+ 35. Kxe2 Rxa5 36. a4 Ra8 37. Ne5 c5 38. Kd3 Re8 39. Ng4 cxd4 40. Kxd4 1-0

[Event "Oslo Esports Cup 2022"]
[Site "Oslo NOR"]
[Date "2022.04.25"]
[Round "4.1"]
[White "Hansen, Eric"]
[Black "Le, Quang Liem"]
[Result "1/2-1/2"]
[WhiteTitle "GM"]
[BlackTitle "GM"]
[WhiteElo "2606"]
[BlackElo "2709"]
[WhiteFideId "2606771"]
[BlackFideId "12401137"]
[EventDate "2022.04.22"]

1. e4 e5 2. Nf3 Nc6 3. Bb5 a6 4. Ba4 Nf6 5. d3 Bc5 6. Bxc6 dxc6 7. h3 Qe7 8. O-O
Bd6 9. Nbd2 Be6 10. Ng5 Bd7 11. Nc4 h6 12. Nf3 b5 13. Ncxe5 Bxe5 14. d4 Bd6 15.
e5 O-O 16. Re1 Be6 17. Bf4 Nd5 18. exd6 cxd6 19. Bg3 Rfe8 20. a4 Qd7 21. Qd2 Bf5
22. Rxe8+ Rxe8 23. axb5 axb5 24. Re1 Re6 25. Rxe6 Qxe6 26. Qa5 Kh7 27. Qa8 Qd7
28. c3 Nf6 29. Bf4 Nd5 30. Bg3 Nf6 31. Bf4 Be4 32. Nd2 Bd5 33. Qa1 Qe6 34. Qb1+
Kg8 35. Qd3 Nh5 36. Be3 f5 37. f3 f4 38. Bf2 Nf6 39. h4 Kf7 40. Qf1 g5 41. hxg5
hxg5 42. Qe1 Qf5 43. Qb1 Qxb1+ 44. Nxb1 g4 45. fxg4 Nxg4 46. Nd2 Ke6 47. b3 Kf5
48. c4 bxc4 49. bxc4 Bf7 50. g3 Nxf2 51. Kxf2 Kg4 52. gxf4 Kxf4 53. Ke2 Bg6 54.
Nb3 Ke4 55. Kd2 Bf7 56. Kc3 c5 57. dxc5 dxc5 58. Nxc5+ Kf5 59. Nb3 Bxc4 60. Kxc4 1/2-1/2

[Event "Oslo Esports Cup 2022"]
[Site "Oslo NOR"]
[Date "2022.04.25"]
[Round "4.1"]
[White "Carlsen, Magnus"]
[Black "Praggnanandhaa, R"]
[Result "1-0"]
[WhiteTitle "GM"]
[BlackTitle "GM"]
[WhiteElo "2864"]
[BlackElo "2624"]
[WhiteFideId "1503014"]
[BlackFideId "25059530"]
[EventDate "2022.04.22"]

1. e4 c5 2. Nf3 Nc6 3. Bb5 g6 4. O-O Bg7 5. d3 Nf6 6. Bxc6 dxc6 7. Re1 O-O 8. h3
Qc7 9. e5 Nd5 10. Nbd2 Nf4 11. Ne4 Bxe5 12. Nxe5 Qxe5 13. Nc3 Qc7 14. Bxf4 Qxf4
15. Rxe7 Bxh3 16. Rxb7 Bc8 17. Re7 Be6 18. Qc1 Qh4 19. Rc7 c4 20. dxc4 Qxc4 21.
Qe3 Bd5 22. Nxd5 Qxd5 23. Rxa7 Rae8 24. Re7 Rxe7 25. Qxe7 Qd4 26. c3 Qd2 27. Qb7
Re8 28. Qxc6 Re1+ 29. Rxe1 Qxe1+ 30. Kh2 Qxf2 31. Qe8+ Kg7 32. Qe5+ f6 33. Qe7+
Kh6 34. b4 Qf4+ 35. Kg1 Qc1+ 36. Kf2 Qd2+ 37. Qe2 Qf4+ 38. Qf3 Qd2+ 39. Kg3 Kg7
40. a4 Qg5+ 41. Kf2 Qd2+ 42. Qe2 Qxc3 43. Qe7+ Kg8 44. a5 Qd2+ 45. Kg3 g5 46.
Qxf6 Qe1+ 47. Qf2 Qxb4 48. Qf5 Qe1+ 49. Kg4 Qb4+ 50. Kxg5 Qd2+ 51. Kh5 Qd6 52.
g3 Qc6 53. Kg5 Kg7 54. Qe5+ Kf7 55. Qf4+ Kg7 56. Qd4+ Kg8 57. Qb6 Qd5+ 58. Kf6
Qf3+ 59. Ke7 Qa3+ 60. Qd6 Qf3 61. a6 Qf7+ 62. Kd8 Qa2 63. Kc7 Qf7+ 64. Kb6 Qb3+
65. Ka7 Qf7+ 66. Ka8 Qf3+ 67. Kb8 Qb3+ 68. Kc8 Qc4+ 69. Kb7 Qb3+ 70. Qb6 Qf3+
71. Ka7 Qa3 72. Ka8 Kg7 73. a7 Qf8+ 74. Kb7 Qf3+ 75. Qc6 Qb3+ 76. Kc8 1-0

[Event "Oslo Esports Cup 2022"]
[Site "Oslo NOR"]
[Date "2022.04.25"]
[Round "4.1"]
[White "Giri, Anish"]
[Black "Van Foreest, Jorden"]
[Result "1/2-1/2"]
[WhiteTitle "GM"]
[BlackTitle "GM"]
[WhiteElo "2773"]
[BlackElo "2714"]
[WhiteFideId "24116068"]
[BlackFideId "1039784"]
[EventDate "2022.04.22"]

1. d4 Nf6 2. c4 g6 3. Nc3 Bg7 4. e4 d6 5. Nf3 O-O 6. Be2 e5 7. O-O Bg4 8. d5 a5
9. Ne1 Bxe2 10. Qxe2 Na6 11. Nd3 b6 12. Bg5 h6 13. Bd2 Nd7 14. Rab1 Ndc5 15.
Nxc5 Nxc5 16. Be3 f5 17. Rfd1 f4 18. Bxc5 f3 19. gxf3 bxc5 20. Kh1 Kh7 21. Rg1
h5 22. Rbd1 Bh6 23. Rd3 Qd7 24. Qf1 Rf6 25. Qg2 Raf8 26. Nb5 g5 27. Ra3 R8f7 28.
Rxa5 Rxf3 29. Ra7 Rxf2 30. Qxf2 Rxf2 31. Rxc7 Qxc7 32. Nxc7 g4 33. Rg2 Rf7 34.
Ne6 Be3 35. h3 gxh3 36. Rg3 Rf1+ 37. Kh2 Bf4 38. Nxf4 exf4 39. Rg5 Re1 40. Kxh3
Rxe4 41. Rxh5+ Kg6 42. Kg4 Rxc4 43. Rg5+ Kf6 44. Rf5+ Ke7 45. Rxf4 Rc2 46. b4
Rxa2 47. bxc5 dxc5 48. Kf3 Rd2 49. Ke4 Rd4+ 50. Ke5 Rxf4 51. Kxf4 Kd6 52. Ke4 c4
53. Kd4 c3 54. Kxc3 Kxd5 1/2-1/2

[Event "Oslo Esports Cup 2022"]
[Site "Oslo NOR"]
[Date "2022.04.25"]
[Round "4.2"]
[White "Van Foreest, Jorden"]
[Black "Giri, Anish"]
[Result "1/2-1/2"]
[WhiteTitle "GM"]
[BlackTitle "GM"]
[WhiteElo "2714"]
[BlackElo "2773"]
[WhiteFideId "1039784"]
[BlackFideId "24116068"]
[EventDate "2022.04.22"]

1. Nc3 d5 2. d4 Nf6 3. Bf4 e6 4. Nb5 Na6 5. e3 Be7 6. Nf3 O-O 7. h4 c6 8. Nc3 c5
9. Ne5 Nb4 10. h5 h6 11. g4 Nh7 12. Bg2 Bd7 13. O-O Rc8 14. dxc5 Bxc5 15. a3 Nc6
16. Nxd7 Qxd7 17. e4 d4 18. e5 Ng5 19. Ne4 Nxe4 20. Bxe4 d3 21. Qxd3 Qxd3 22.
Bxd3 Bd4 23. c3 Bxe5 24. Be3 Bc7 25. Rad1 Bb6 26. Bc1 Ne5 27. Be2 Rfd8 28. Kg2
Kf8 29. f4 Rxd1 30. Rxd1 Nc4 31. Kf3 Ke7 32. Bd3 Na5 33. Bd2 Nc4 34. Bc1 Na5 35.
Bc2 Nc4 36. a4 Bc5 37. b3 Nd6 38. Bd2 Bb4 39. c4 Bxd2 40. Rxd2 a5 41. Ke3 b6 42.
Be4 Rc5 43. Bf3 f6 44. Rd1 Nf7 45. Be4 Nd6 46. Bf3 Nf7 47. Be4 Nd6 48. Bf3 1/2-1/2

[Event "Oslo Esports Cup 2022"]
[Site "Oslo NOR"]
[Date "2022.04.25"]
[Round "4.2"]
[White "Mamedyarov, Shakhriyar"]
[Black "Duda, Jan-Krzysztof"]
[Result "1/2-1/2"]
[WhiteTitle "GM"]
[BlackTitle "GM"]
[WhiteElo "2771"]
[BlackElo "2750"]
[WhiteFideId "13401319"]
[BlackFideId "1170546"]
[EventDate "2022.04.22"]

1. d4 Nf6 2. c4 g6 3. g3 c6 4. Nf3 d5 5. Qb3 Bg7 6. Bg2 O-O 7. Nc3 dxc4 8. Qxc4
Bf5 9. O-O Nbd7 10. Qb4 Nb6 11. Qb3 Rc8 12. Rd1 Ne4 13. Ng5 Nxc3 14. bxc3 Bg4
15. Qc2 Nc4 16. h3 Bf5 17. e4 Bd7 18. a4 c5 19. Qe2 cxd4 20. cxd4 Qa5 21. e5
Bxa4 22. Rd3 Bd1 23. Rxd1 Qxa1 24. Bxb7 Rc7 25. e6 Rxb7 26. exf7+ Kh8 27. Qxc4
Qb1 28. Ne6 Qb3 29. Qxb3 Rxb3 30. Nxf8 Bxf8 31. Be3 Kg7 32. Ra1 Rb7 33. d5 Rd7
34. Ra5 a6 35. Kg2 Kxf7 36. Kf3 Rd6 37. Bf4 Rb6 38. Be3 Rd6 39. Bf4 Rb6 40. Be3
Rd6 1/2-1/2

[Event "Oslo Esports Cup 2022"]
[Site "Oslo NOR"]
[Date "2022.04.25"]
[Round "4.2"]
[White "Le, Quang Liem"]
[Black "Hansen, Eric"]
[Result "1-0"]
[WhiteTitle "GM"]
[BlackTitle "GM"]
[WhiteElo "2709"]
[BlackElo "2606"]
[WhiteFideId "12401137"]
[BlackFideId "2606771"]
[EventDate "2022.04.22"]

1. Nf3 Nf6 2. c4 b6 3. g3 Bb7 4. Bg2 c5 5. O-O g6 6. Nc3 d6 7. Re1 Bg7 8. e4 e5
9. d4 Nc6 10. dxe5 dxe5 11. Nd5 h6 12. Bd2 O-O 13. a3 Qd6 14. Rb1 Rfd8 15. b4
Nd7 16. h4 h5 17. Bg5 f6 18. Be3 Rab8 19. Re2 Nd4 20. Reb2 Bc6 21. bxc5 bxc5 22.
Rxb8 Rxb8 23. Rxb8+ Nxb8 24. Ne1 Nd7 25. Qb1 Kf7 26. Nd3 Bf8 27. f4 Qe6 28. f5
gxf5 29. Qd1 Bxd5 30. exd5 Qa6 31. Bxd4 cxd4 32. Qxh5+ Ke7 33. Qxf5 Qxc4 34.
Qe6+ Kd8 35. Bh3 Qc7 36. Kg2 Be7 37. Bf5 Qd6 38. h5 Qxe6 39. dxe6 Nb6 40. Nb4
Ke8 41. h6 Kf8 42. Nc6 Nd5 43. Be4 Ne3+ 44. Kf3 Bxa3 45. e7+ Bxe7 46. Nxe7 a5
47. Nf5 Nxf5 48. Bxf5 Kf7 49. Bc2 a4 50. Bxa4 Kg6 51. Ke4 Kxh6 52. Kf5 Kg7 53.
Bb5 Kf7 54. Bd3 Ke7 55. g4 Kf7 56. Be2 Ke7 57. Bc4 1-0

[Event "Oslo Esports Cup 2022"]
[Site "Oslo NOR"]
[Date "2022.04.25"]
[Round "4.3"]
[White "Duda, Jan-Krzysztof"]
[Black "Mamedyarov, Shakhriyar"]
[Result "0-1"]
[WhiteTitle "GM"]
[BlackTitle "GM"]
[WhiteElo "2750"]
[BlackElo "2771"]
[WhiteFideId "1170546"]
[BlackFideId "13401319"]
[EventDate "2022.04.22"]

1. d4 Nf6 2. c4 e6 3. Nf3 d5 4. Nc3 Bb4 5. cxd5 exd5 6. Qa4+ Nc6 7. Bg5 h6 8.
Bxf6 Qxf6 9. e3 O-O 10. Rc1 Rd8 11. Bd3 Bf8 12. Qd1 Ne7 13. O-O c6 14. Ne5 Nf5
15. Qf3 Bd6 16. Bxf5 Bxf5 17. Qg3 Qe6 18. f4 f6 19. Ng6 Bxg6 20. Qxg6 Qxe3+ 21.
Kh1 Re8 22. Rcd1 Bb4 23. h3 Bxc3 24. bxc3 Qxc3 25. Rd3 Qc2 26. Rff3 Re1+ 27. Kh2
Qb1 28. Qh5 Rae8 29. Rb3 Rh1+ 30. Kg3 Qe1+ 31. Kg4 Rg1 32. g3 Qe6+ 33. f5 Qe4+
34. Rf4 Qxf4+ 0-1

[Event "Oslo Esports Cup 2022"]
[Site "Oslo NOR"]
[Date "2022.04.25"]
[Round "4.3"]
[White "Giri, Anish"]
[Black "Van Foreest, Jorden"]
[Result "1/2-1/2"]
[WhiteTitle "GM"]
[BlackTitle "GM"]
[WhiteElo "2773"]
[BlackElo "2714"]
[WhiteFideId "24116068"]
[BlackFideId "1039784"]
[EventDate "2022.04.22"]

1. d4 Nf6 2. c4 g6 3. Nc3 Bg7 4. e4 d6 5. Nf3 O-O 6. Be2 e5 7. O-O Bg4 8. d5 a5
9. Be3 Na6 10. Ne1 Bd7 11. Nd3 h5 12. h3 b6 13. Qd2 Nh7 14. Rae1 Nb4 15. a3 Nxd3
16. Bxd3 a4 17. Bc2 Bf6 18. Qd1 Qe8 19. Qd2 Qe7 20. Qd1 Qe8 21. Qd2 Qe7 22. Qd1
Qe8 1/2-1/2

[Event "Oslo Esports Cup 2022"]
[Site "Oslo NOR"]
[Date "2022.04.25"]
[Round "4.3"]
[White "Hansen, Eric"]
[Black "Le, Quang Liem"]
[Result "0-1"]
[WhiteTitle "GM"]
[BlackTitle "GM"]
[WhiteElo "2606"]
[BlackElo "2709"]
[WhiteFideId "2606771"]
[BlackFideId "12401137"]
[EventDate "2022.04.22"]

1. e4 e5 2. Nf3 Nc6 3. Bb5 a6 4. Ba4 Nf6 5. O-O b5 6. Bb3 Bc5 7. c3 d6 8. d4 Bb6
9. a4 Rb8 10. a5 Ba7 11. h3 O-O 12. Re1 h6 13. Be3 Ra8 14. Nbd2 Re8 15. d5 Ne7
16. c4 c6 17. Qc2 Bxe3 18. fxe3 Bb7 19. dxc6 Bxc6 20. c5 Ng6 21. cxd6 Qxd6 22.
Red1 Rac8 23. Nc4 Qb4 24. Nd6 Bd5 25. Nxc8 Bxb3 26. Qd2 Qxd2 27. Rxd2 Rxc8 28.
Rd6 Ra8 29. Nd2 Be6 30. Rc1 Ne7 31. Rc5 Kf8 32. Rxe5 Ke8 33. Rc5 Nd7 34. Rc7 Kd8
35. Rc1 Rc8 36. Rd1 Nc6 37. Nf3 Ke7 38. e5 b4 39. e4 b3 40. Kh2 Nc5 41. Nd4 Nxe5
42. Nf5+ Kf6 43. Rf1 g6 44. Nd4+ Ke7 45. Rb6 Ned3 46. Nc6+ Kf8 47. Nb8 Nxb2 48.
Nxa6 Bc4 49. Rc1 Nxa6 50. Rxb3 Bxb3 51. Rxc8+ Ke7 52. Rc6 Bc4 0-1

[Event "Oslo Esports Cup 2022"]
[Site "Oslo NOR"]
[Date "2022.04.25"]
[Round "4.4"]
[White "Mamedyarov, Shakhriyar"]
[Black "Duda, Jan-Krzysztof"]
[Result "1/2-1/2"]
[WhiteTitle "GM"]
[BlackTitle "GM"]
[WhiteElo "2771"]
[BlackElo "2750"]
[WhiteFideId "13401319"]
[BlackFideId "1170546"]
[EventDate "2022.04.22"]

1. d4 Nf6 2. c4 g6 3. Nc3 d5 4. Nf3 Bg7 5. e3 O-O 6. cxd5 Nxd5 7. Bc4 Nb6 8. Bb3
c5 9. O-O cxd4 10. exd4 Nc6 11. d5 Na5 12. h3 Nxb3 13. axb3 Bxc3 14. bxc3 Qxd5
15. Bd2 f6 16. c4 Qf7 17. Be3 Bf5 18. Nd4 Bd7 19. Ra5 Rfd8 20. Qa1 Nc8 21. Rd1
Re8 22. Nb5 Bxb5 23. Rxb5 Nd6 24. Rbd5 a6 25. Qa5 Nf5 26. Bc5 Qe6 27. Rd7 b5 28.
Qb6 Qxb6 29. Bxb6 bxc4 30. bxc4 Rac8 31. c5 Ng7 32. Ra7 Ne6 33. Rd5 Rc6 34. g3
g5 35. Kg2 Kf7 36. Kf3 h5 37. Ke4 h4 38. gxh4 gxh4 39. f4 Rec8 40. Rdd7 Re8 41.
Rd5 Rec8 42. Rdd7 Re8 43. Rd5 Rec8 1/2-1/2

[Event "Oslo Esports Cup 2022"]
[Site "Oslo NOR"]
[Date "2022.04.25"]
[Round "4.4"]
[White "Van Foreest, Jorden"]
[Black "Giri, Anish"]
[Result "1/2-1/2"]
[WhiteTitle "GM"]
[BlackTitle "GM"]
[WhiteElo "2714"]
[BlackElo "2773"]
[WhiteFideId "1039784"]
[BlackFideId "24116068"]
[EventDate "2022.04.22"]

1. e4 e5 2. Nf3 Nc6 3. Bb5 Nf6 4. d3 Bc5 5. Nbd2 Nd4 6. Nxd4 Bxd4 7. c3 Bb6 8.
d4 c6 9. dxe5 cxb5 10. exf6 Qxf6 11. O-O O-O 12. Nf3 d6 13. Re1 Bg4 14. Be3 b4
15. Bxb6 axb6 16. cxb4 Qxb2 17. Qd4 Rxa2 18. Rxa2 Qxa2 19. Nh4 Qe6 20. h3 Qe7
21. hxg4 Qxh4 22. Qd5 Qe7 23. Rd1 g6 24. f3 Rd8 25. e5 Re8 26. exd6 Qe3+ 27. Kh2
Qf4+ 28. Kg1 Qe3+ 29. Kh2 Qf4+ 30. Kg1 Qe3+ 1/2-1/2

[Event "Oslo Esports Cup 2022"]
[Site "Oslo NOR"]
[Date "2022.04.25"]
[Round "4.5"]
[White "Van Foreest, Jorden"]
[Black "Giri, Anish"]
[Result "1-0"]
[WhiteTitle "GM"]
[BlackTitle "GM"]
[WhiteElo "2714"]
[BlackElo "2773"]
[WhiteFideId "1039784"]
[BlackFideId "24116068"]
[EventDate "2022.04.22"]

1. Nf3 c5 2. b3 Nf6 3. Bb2 e6 4. e3 Nc6 5. d4 cxd4 6. Nxd4 Nxd4 7. Qxd4 b6 8.
Be2 Bb7 9. O-O Be7 10. c4 O-O 11. Nc3 Bc6 12. Rad1 a6 13. a4 Qb8 14. Bf3 Bxf3
15. gxf3 Qb7 16. Ne4 Rfd8 17. Qe5 Ne8 18. Kh1 f6 19. Qg3 d5 20. cxd5 Rxd5 21.
Rg1 Rxd1 22. Rxd1 Rd8 23. Rxd8 Bxd8 24. Kg2 Bc7 25. Qh3 Qd5 26. b4 h6 27. Qg4
Kf7 28. Ng3 Bxg3 29. hxg3 b5 30. axb5 axb5 31. Bd4 Nd6 32. Bc5 Nc4 33. e4 Qg5
34. Qh3 f5 35. exf5 exf5 36. Qh1 f4 37. Qd1 fxg3 38. Qd7+ Kg8 39. Qe6+ Kh7 40.
fxg3 Qd2+ 41. Kh3 Qd3 42. f4 Nd2 43. Qe3 Qd5 44. Qe2 Qe4 45. Qxd2 Qh1+ 46. Kg4
g6 47. Qd7+ 1-0

[Event "Oslo Esports Cup 2022"]
[Site "Oslo NOR"]
[Date "2022.04.25"]
[Round "4.5"]
[White "Mamedyarov, Shakhriyar"]
[Black "Duda, Jan-Krzysztof"]
[Result "0-1"]
[WhiteTitle "GM"]
[BlackTitle "GM"]
[WhiteElo "2771"]
[BlackElo "2750"]
[WhiteFideId "13401319"]
[BlackFideId "1170546"]
[EventDate "2022.04.22"]

1. d4 Nf6 2. c4 g6 3. g3 c6 4. Nf3 d5 5. Qb3 Bg7 6. Bg2 O-O 7. O-O dxc4 8. Qxc4
Bf5 9. e3 Nbd7 10. h3 Rc8 11. Qe2 Re8 12. Rd1 Qb6 13. Nbd2 h6 14. e4 Be6 15. b3
g5 16. Bb2 Nf8 17. Ne5 N6d7 18. Nec4 Qa6 19. Bf1 c5 20. d5 Bxh3 21. Bxh3 Bxb2
22. Rab1 Bg7 23. e5 Bxe5 24. Re1 Bg7 25. Ne4 Rcd8 26. a4 Qg6 27. Qf3 Bd4 28. Kg2
Nf6 29. Bf5 Qg7 30. d6 e6 31. Nxf6+ Qxf6 32. Be4 Qxf3+ 33. Bxf3 Rb8 34. Red1 b6
35. b4 Red8 36. b5 Nd7 37. Bc6 Kg7 38. Rb3 Nf6 39. a5 bxa5 40. Ra3 Ne8 41. d7
Nf6 42. Rxa5 Nxd7 43. Rxa7 Nb6 44. Nxb6 Rxb6 45. Re1 Kf6 46. Rh1 Rh8 47. Rd7 h5
48. g4 h4 49. Rh3 Be5 50. Rf3+ Bf4 51. Rc3 Rbb8 52. Kh3 Rhd8 53. Rxd8 Rxd8 54.
b6 Rd2 55. Kg2 Rb2 56. b7 Bd6 57. Ra3 c4 58. Rc3 Rb4 59. Kf3 Rb3 60. Rxb3 cxb3
61. Kg2 Ke5 62. Ba4 b2 63. Bc2 Kd4 0-1

[Event "Oslo Esports Cup 2022"]
[Site "Oslo NOR"]
[Date "2022.04.25"]
[Round "4.6"]
[White "Duda, Jan-Krzysztof"]
[Black "Mamedyarov, Shakhriyar"]
[Result "1-0"]
[WhiteTitle "GM"]
[BlackTitle "GM"]
[WhiteElo "2750"]
[BlackElo "2771"]
[WhiteFideId "1170546"]
[BlackFideId "13401319"]
[EventDate "2022.04.22"]

1. d4 Nf6 2. c4 e6 3. Nf3 d5 4. Nc3 c6 5. e3 Nbd7 6. Qc2 b6 7. cxd5 exd5 8. Bd3
Bb7 9. O-O Be7 10. e4 dxe4 11. Nxe4 O-O 12. Nxf6+ Nxf6 13. Bg5 h6 14. Bh4 c5 15.
dxc5 Bxf3 16. gxf3 bxc5 17. Rad1 Qb6 18. Rfe1 Bd8 19. Bc4 Nh5 20. Bxf7+ Kxf7 21.
Qc4+ Kg6 22. Re6+ Qxe6 23. Qxe6+ 1-0

[Event "Oslo Esports Cup 2022"]
[Site "Oslo NOR"]
[Date "2022.04.25"]
[Round "4.6"]
[White "Giri, Anish"]
[Black "Van Foreest, Jorden"]
[Result "0-1"]
[WhiteTitle "GM"]
[BlackTitle "GM"]
[WhiteElo "2773"]
[BlackElo "2714"]
[WhiteFideId "24116068"]
[BlackFideId "1039784"]
[EventDate "2022.04.22"]

1. c4 Nf6 2. Nc3 g6 3. e4 d6 4. d4 Bg7 5. Be2 O-O 6. Be3 c5 7. d5 e6 8. Nf3 exd5
9. cxd5 Nbd7 10. Nd2 Ne5 11. h3 Ne8 12. O-O f5 13. f4 Nf7 14. exf5 gxf5 15. a4
Nf6 16. Bf3 a6 17. Bf2 Bd7 18. a5 b5 19. axb6 Qxb6 20. Qc2 Rfe8 21. Rfe1 Qb4 22.
g3 a5 23. Re6 Rab8 24. Rxe8+ Nxe8 25. Nd1 a4 26. Nc4 Nc7 27. Be1 Qxe1+ 0-1

[Event "Oslo Esports Cup 2022"]
[Site "Oslo NOR"]
[Date "2022.04.26"]
[Round "5.1"]
[White "Praggnanandhaa, R"]
[Black "Hansen, Eric"]
[Result "1-0"]
[WhiteTitle "GM"]
[BlackTitle "GM"]
[WhiteElo "2624"]
[BlackElo "2606"]
[WhiteFideId "25059530"]
[BlackFideId "2606771"]
[EventDate "2022.04.22"]

1. d4 d5 2. c4 c6 3. Nf3 Nf6 4. e3 Bg4 5. h3 Bh5 6. Nc3 e6 7. g4 Bg6 8. Ne5 Nbd7
9. h4 Bb4 10. Nxd7 Qxd7 11. h5 Be4 12. f3 Qc7 13. Rh3 h6 14. fxe4 Nxe4 15. Bd2
Ng5 16. Rf3 O-O 17. Rf4 Bd6 18. c5 Be7 19. Qc2 b6 20. cxb6 axb6 21. O-O-O Bd6
22. Kb1 b5 23. Bd3 Qa7 24. b3 Rfc8 25. Bc1 Qe7 26. Rf2 Bb4 27. e4 c5 28. Bxg5
Qxg5 29. Nxb5 c4 30. bxc4 dxc4 31. Bxc4 Qxg4 32. Rdf1 Ra5 33. Qd3 Rxc4 34. Qxc4
Qxe4+ 35. Rc2 Bf8 36. Nc3 Qg4 37. Rcf2 Ra7 38. Rb2 Qg3 39. Nb5 Rd7 40. Rc1 Be7
41. Qc8+ Rd8 42. Qc7 Qh4 43. Qh2 Qg4 44. Ka1 Bf6 45. Rg1 Qe4 46. Qg2 Qd3 47. Qf1
Qe3 48. Qf2 Bxd4 49. Nxd4 1-0

[Event "Oslo Esports Cup 2022"]
[Site "Oslo NOR"]
[Date "2022.04.26"]
[Round "5.1"]
[White "Van Foreest, Jorden"]
[Black "Carlsen, Magnus"]
[Result "1/2-1/2"]
[WhiteTitle "GM"]
[BlackTitle "GM"]
[WhiteElo "2714"]
[BlackElo "2864"]
[WhiteFideId "1039784"]
[BlackFideId "1503014"]
[EventDate "2022.04.22"]

1. e4 c6 2. d4 d5 3. e5 Bf5 4. h4 h5 5. Bd3 Bxd3 6. Qxd3 Qa5+ 7. b4 Qxb4+ 8. Nd2
e6 9. Rb1 Qe7 10. Ne2 Qc7 11. O-O Nd7 12. c4 dxc4 13. Nxc4 Nb6 14. Nc3 Nh6 15.
Bg5 Nxc4 16. Qxc4 Qd7 17. Qb3 b6 18. Rfd1 Be7 19. Ne4 Nf5 20. Rbc1 Rd8 21. Qf3
Bxg5 22. hxg5 Qd5 23. Rxc6 O-O 24. Nd6 Qxf3 25. gxf3 Ne7 26. Rc7 Nd5 27. Rxa7
Kh7 28. g6+ fxg6 29. Nf7 Rde8 30. Ng5+ Kh6 31. Nf7+ Kh7 32. Ng5+ Kh6 33. Nf7+
Kh7 1/2-1/2

[Event "Oslo Esports Cup 2022"]
[Site "Oslo NOR"]
[Date "2022.04.26"]
[Round "5.1"]
[White "Le, Quang Liem"]
[Black "Duda, Jan-Krzysztof"]
[Result "1-0"]
[WhiteTitle "GM"]
[BlackTitle "GM"]
[WhiteElo "2709"]
[BlackElo "2750"]
[WhiteFideId "12401137"]
[BlackFideId "1170546"]
[EventDate "2022.04.22"]

1. d4 Nf6 2. c4 g6 3. Nc3 d5 4. cxd5 Nxd5 5. Bd2 Nb6 6. e3 Bg7 7. f4 c5 8. dxc5
N6d7 9. Ne4 Bxb2 10. Rb1 Bg7 11. h4 Nf6 12. Nxf6+ exf6 13. h5 O-O 14. Nf3 Re8
15. Bc4 Nc6 16. Kf2 Qe7 17. Rb5 Nd8 18. hxg6 hxg6 19. Nd4 Bd7 20. Rb3 Rc8 21.
Bb4 Nc6 22. Ba3 Rcd8 23. Qb1 Nxd4 24. c6 Nxb3 25. Bxe7 Rxe7 26. cxd7 Nd2 27.
Qxg6 Kf8 28. Qc2 Ne4+ 29. Kf3 Rdxd7 30. Rd1 Nd6 31. Bb5 Rc7 32. Qa4 Nxb5 33.
Qxb5 Re8 34. Rd7 Rec8 35. Qd5 Rxd7 36. Qxd7 1-0

[Event "Oslo Esports Cup 2022"]
[Site "Oslo NOR"]
[Date "2022.04.26"]
[Round "5.1"]
[White "Mamedyarov, Shakhriyar"]
[Black "Giri, Anish"]
[Result "0-1"]
[WhiteTitle "GM"]
[BlackTitle "GM"]
[WhiteElo "2771"]
[BlackElo "2773"]
[WhiteFideId "13401319"]
[BlackFideId "24116068"]
[EventDate "2022.04.22"]

1. d4 Nf6 2. Nf3 g6 3. Nbd2 d5 4. e3 Bg7 5. c4 O-O 6. Be2 c5 7. dxc5 Na6 8. c6
bxc6 9. O-O Qb6 10. cxd5 cxd5 11. Nb3 Nb4 12. Nbd4 Ne4 13. Nd2 e5 14. Nc2 Nxc2
15. Qxc2 Nc5 16. Nb3 Na4 17. e4 Be6 18. exd5 Bxd5 19. Be3 Qb7 20. f3 e4 21. Nd4
Nxb2 22. Rab1 Rab8 23. Nb3 Rfc8 24. Nc5 exf3 25. Bxf3 Bxf3 26. Rxf3 Qd5 27. Rc1
Rb4 28. Qe2 Rc4 29. Rxc4 Nxc4 30. Bf2 Rxc5 31. Rd3 Qe5 32. Rd8+ Bf8 33. Qf3 Rb5
34. g3 Nd6 0-1